000 00636nam a22002177a 4500
003 UA-OsUOA
001 90829
007 ta
008 20121120b un ||||| |||| 00| 0 ukr d
100 _aКучер Г.В.
090 _a330(477)
_bК95
942 _cSA
040 _aUA-OsUOA
_bukr
_cUA-OsUOA
_dUA-OsUOA
245 _aЕфективність системи управління державним боргом в Україні
300 _aС.44-58
955 _a0
041 _aukr
080 _a330(477)
773 0 _w90822
_tФінанси України
_dК.
_d2012
_g6
650 7 _a330 Економіка взагалі
_2UDC
999 _c377107
_d377107